|
|
|
|
| LEADER |
00000cam a2200000 7i4500 |
| 001 |
0000002451 |
| 005 |
20030623.0 |
| 020 |
0 |
0 |
|a 9190144626
|
| 090 |
0 |
0 |
|a 333.75160954
|b RAG 2002
|
| 100 |
1 |
0 |
|a RAGHAVAN
|h S.
|
| 245 |
1 |
0 |
|a New hope for private foretsry :
|b policy and practice of Lok Vaniki in Madhya Pradesh
|c S. Raghavan, P. Srivastava
|
| 260 |
0 |
0 |
|a New Delhi; London :
|b Ecotech Services; International Institute for Environment and Development ,
|c 2002
|
| 300 |
|
|
|a xvi, 65 p. :
|b ill. ;
|c 65 cm.
|
| 440 |
0 |
0 |
|a Instruments for sustainable private sector forestry ; no. 3
|
| 500 |
0 |
0 |
|a Bibliography : p. 64-65
|
| 650 |
0 |
0 |
|a Forest policy
|z India
|
| 650 |
0 |
0 |
|a Forests and forestry
|z India
|
| 700 |
0 |
1 |
|a Srivastava
|h P.
|
| 998 |
|
|
|a JPSM
|
| 999 |
|
|
|a 0000004323
|b Monograph
|c Open Shelf
|e Default branch
|